000 00682nam a2200229 a 4500
008
020 _a0582061431 (pbk.)
049 _aMAIN
090 _aQK882
_bLAW
100 1 _aLawlor, D. W.
245 1 0 _aPhotosynthesis :
_bmetabolism,control and physiology /
_cD.W. Lawlor.
260 _aHarlow :
_bLongman Scientific & Technical ,
_c1987.
300 _avii, 262 p. :
_bill. ;
_c24 cm.
504 _aIncludes bibliographical references.
500 _aIncludes index.
650 0 _aPhotosynthesis.
907 _a.b10181404
_b23-04-12
_c17-11-05
003
005 20230123134129.0
040 _cNUST
942 _cBOOKS
_kQK882
_mLAW
999 _c160567
_d160567